logo

Bir Sreshtho Munshi Abdur Rouf Library
Jhenaidah Cadet College

লেসন্স ফর লাইফ : (Record no. 12364)

MARC details
000 -LEADER
fixed length control field 01036nam a2200229 a 4500
001 - CONTROL NUMBER
JCCL Control Number 12364
003 - CONTROL NUMBER IDENTIFIER
JCCL marc code BD-JhCC
005 - DATE AND TIME OF LATEST TRANSACTION
control field 20211109095619.0
008 - FIXED-LENGTH DATA ELEMENTS--GENERAL INFORMATION
fixed length control field 210607s2018 bg |||| |||| 000 0 ben d
020 ## - INTERNATIONAL STANDARD BOOK NUMBER
International Standard Book Number 978984930465
035 ## - SYSTEM CONTROL NUMBER
system control number (BD-JhCC)12364
040 ## - CATALOGING SOURCE
Original cataloging agency BD-JhCC
Modifying agency BD-JhCC
041 ## - LANGUAGE CODE
Language code of Book Bangla
082 ## - DEWEY DECIMAL CLASSIFICATION NUMBER
Classification number 650.1
Author mark and Year HIL 2018
100 ## - MAIN ENTRY--PERSONAL NAME
Personal name হিল, নেপোলিয়ন
245 ## - TITLE STATEMENT
Title লেসন্স ফর লাইফ :
Remainder of title জীবনের বায়ান্নটি শিক্ষা প্রতি সপ্তাহে জীবন বদলে দেয়া একটি বাণী /
Statement of responsibility, etc নেপোলিয়ন হিল এবং জুডিথ উইলিয়ামসন; রূপান্তর শহীদুল ইসলাম নাহিদ
260 ## - PUBLICATION, DISTRIBUTION, ETC. (IMPRINT)
Place of publication, distribution, etc ঢাকা :
Name of publisher, distributor, etc বই বাজার,
Date of publication, distribution, etc ২০১৮।
300 ## - PHYSICAL DESCRIPTION
Pagination ১৪৪ পৃ. :
Dimensions ২০ সেমি.
650 ## - SUBJECT ADDED ENTRY--TOPICAL TERM
Topical term or geographic name as entry element Success
700 ## - ADDED ENTRY--PERSONAL NAME
Personal name নাহিদ, শহীদুল ইসলাম
942 ## - ADDED ENTRY ELEMENTS (KOHA)
Source of classification or shelving scheme Dewey Decimal Classification
Koha item type Books
Holdings
Source of classification or shelving scheme Damaged status Not for loan Home library Current library Shelving location Date of accession Cost, normal purchase price Total Checkouts Full call number Barcode Date last seen Date checked out Copy number Koha item type
Dewey Decimal Classification     JCC Rouf Library JCC Rouf Library General Stacks 06/07/2021 140.00 2 650.1 HIL 2018 16802 02/13/2025 02/06/2025 C-1 Books

JCC Library | Contacts | JCC Home

Last Update on 23 September 2017
Copyright @ 2017-2020 JCC Rouf Library
Rouf Library, Jhenidah Cadet College (JCC), Bangladesh